Cấu trúc - lập trình - ghép nối và ứng dụng vi điều khiển T.1
Trình bày cấu trúc và hoạt động của vi điều khiển 8051/8052, lập trình hợp ngữ cho vi điều khiển họ MCS-51 với PINNACLE, nhóm lệnh điều khiển chương trình, bộ nhớ trong, nhớ dữ liệu RAM bên trong, các cổng song song, cổng nối tiếp, bộ định...
Đã lưu trong:
| 主要作者: | |
|---|---|
| 格式: | 圖書 |
| 語言: | Undetermined |
| 出版: |
H.
Giáo dục
2009
|
| 主題: | |
| 在線閱讀: | http://lrc.tdmu.edu.vn/opac/search/detail.asp?aID=2&ID=7552 |
| 標簽: |
添加標簽
沒有標簽, 成為第一個標記此記錄!
|
| Thư viện lưu trữ: | Trung tâm Học liệu Trường Đại học Thủ Dầu Một |
|---|
| LEADER | 01506nam a2200229Ia 4500 | ||
|---|---|---|---|
| 001 | TDMU_7552 | ||
| 008 | 210410s9999 xx 000 0 und d | ||
| 082 | |a 005.1 | ||
| 090 | |b NG527 | ||
| 100 | |a Nguyễn, Mạnh Giang | ||
| 245 | 0 | |a Cấu trúc - lập trình - ghép nối và ứng dụng vi điều khiển | |
| 245 | 0 | |c Nguyễn Mạnh Giang | |
| 245 | 0 | |n T.1 | |
| 245 | 0 | |p Cấu trúc và lập trình VĐK 8051/8052 | |
| 260 | |a H. | ||
| 260 | |b Giáo dục | ||
| 260 | |c 2009 | ||
| 300 | |a 255tr. | ||
| 520 | |a Trình bày cấu trúc và hoạt động của vi điều khiển 8051/8052, lập trình hợp ngữ cho vi điều khiển họ MCS-51 với PINNACLE, nhóm lệnh điều khiển chương trình, bộ nhớ trong, nhớ dữ liệu RAM bên trong, các cổng song song, cổng nối tiếp, bộ định thời/đếm, điều khiển ngắt và cách lập trình (soạn thảo, dịch, kết nối, chạy thử trên chương trình pinnacle), cách nạp chương trình đồng thời mô tả cấu trúc và hoạt động của các bộ phận, các nhóm lệnh với các ví dụ điển hình | ||
| 650 | |a Cấu trúc; Lập trình; Vi điều khiển; Tin học | ||
| 856 | |u http://lrc.tdmu.edu.vn/opac/search/detail.asp?aID=2&ID=7552 | ||
| 980 | |a Trung tâm Học liệu Trường Đại học Thủ Dầu Một | ||